书目信息 |
| 题名: |
布礼
|
|
| 作者: | 王蒙 著 ;何向阳 主编 | |
| 分册: | ||
| 出版信息: | 郑州 河南文艺出版社 2021 |
|
| 页数: | 253页 | |
| 开本: | 19cm | |
| 丛书名: | 百年中篇小说名家经典/何向阳总主编 | |
| 单 册: | ||
| 中图分类: | I247.57 | |
| 科图分类: | ||
| 主题词: | 中篇小说--小说集--中国--现代 | |
| 电子资源: | ||
| ISBN: | 978-7-5559-1054-1 | |
| 000 | 00760nam0 2200265 450 | |
| 001 | 011214134 | |
| 005 | 20240910102145.4 | |
| 010 | @a978-7-5559-1054-1@dCNY38.00 | |
| 100 | @a20210611d2021 em y0chiy0120 ea | |
| 101 | 0 | @achi |
| 102 | @aCN@b410000 | |
| 105 | @aa z 000ay | |
| 106 | @ar | |
| 200 | 1 | @a布礼@9bu li@f王蒙著@g何向阳主编 |
| 210 | @a郑州@c河南文艺出版社@d2021 | |
| 215 | @a253页@c图,照片@d19cm | |
| 225 | @a百年中篇小说名家经典/何向阳总主编 | |
| 300 | @a百年中篇小说名家经典/何向阳总主编 | |
| 586 | @a | |
| 606 | 0 | @a中篇小说@x小说集@y中国@z现代 |
| 690 | @aI247.57@v5 | |
| 701 | 0 | @a王蒙@9wang meng@f(1934-)@4著 |
| 702 | 0 | @a何向阳@9he xiang yang@4主编 |
| 801 | 0 | @aCN@c20240910 |
| 905 | @dI247.57@eH218:2@f2@sI247.57/H218:2@S@Z | |
| 布礼/王蒙著/何向阳主编.-郑州:河南文艺出版社,2021 |
| 253页:图,照片;19cm.-(百年中篇小说名家经典/何向阳总主编) |
| 百年中篇小说名家经典/何向阳总主编 |
| ISBN 978-7-5559-1054-1:CNY38.00 |
| ● |
| 相关链接 |
|
|
|
正题名:布礼
索取号:I247.57/H218:2
 
预约/预借
| 序号 | 登录号 | 条形码 | 馆藏地/架位号 | 状态 | 备注 |
| 1 | 21619339 | 216193394 | 文学库108/108文学库 48排7列3层/ [索取号:I247.57/H218:2] | 在馆 | |
| 2 | 21619340 | 216193401 | 文学库108/108文学库 48排7列3层/ [索取号:I247.57/H218:2] | 在馆 |